[Event "TUR-chT 2nd League"]
[Site "Denizli"]
[Date "2023.07.12"]
[Round "5.71"]
[White "Isilak, Enes"]
[Black "Bayramov, Elvin Shamil Oglu"]
[Result "1/2-1/2"]
[WhiteElo "2168"]
[BlackElo "2193"]
[PlyCount "132"]
[EventDate "2023.07.09"]
[EventType "team-swiss"]
[EventRounds "9"]
[EventCountry "TUR"]
[SourceTitle "CBM 215 Extra"]
[Source "ChessBase"]
[SourceDate "2023.09.30"]
[SourceVersion "1"]
[SourceVersionDate "2023.09.30"]
[SourceQuality "1"]
[WhiteTeam "Manisa Turkuaz"]
[BlackTeam "Altinkale Kultur"]
[WhiteTeamCountry "TUR"]
[BlackTeamCountry "TUR"]

1. d4 Nf6 2. c4 e6 3. Nf3 b6 4. g3 Bb7 5. Bg2 Bb4+ 6. Bd2 Bxd2+ 7. Qxd2 0-0 8. 0-0 d6 9. Qe3 Nbd7 10. Nc3 Re8 11. Rad1 e5 12. dxe5 Nxe5 13. Nxe5 Bxg2 14. Kxg2 Qc8 15. Nd5 Nxd5 16. Rxd5 f6 17. f4 dxe5 18. fxe5 c6 19. Rd6 Rxe5 20. Qf3 Qe8 21. Qxc6 Qxc6+ 22. Rxc6 Rd8 23. e4 Rxe4 24. Rf2 Rd7 25. Rc2 Red4 26. Re6 Kf7 27. Ree2 h5 28. c5 bxc5 29. Rxc5 h4 30. b3 hxg3 31. hxg3 Rd1 32. Rcc2 Kg6 33. Rf2 R7d5 34. Rc7 a5 35. Rcc2 Kg5 36. Rc7 g6 37. Rc6 f5 38. Rc4 Re5 39. Rcf4 Ra1 40. Ra4 Rd1 41. Raf4 Re3 42. Rf1 Rd5 43. R1f3 Re4 44. Rf2 Rdd4 45. R4f3 Kf6 46. Rc3 Rg4 47. Kh2 Kg5 48. Rcf3 Rd5 49. Kg2 Kf6 50. Rf4 Rg5 51. Rc4 Ke5 52. Re2+ Kd6 53. Rf2 Rc5 54. Rd2+ Kc6 55. Rdc2 Rxc4 56. Rxc4+ Kb5 57. a4+ Kb6 58. b4 axb4 59. Rxb4+ Ka5 60. Rh4 Rg4 61. Rxg4 fxg4 62. Kf2 Kxa4 63. Ke3 Kb4 64. Kf4 Kc4 65. Kg5 Kd5 66. Kxg4 Ke4 1/2-1/2

[Event "AZE-ch Prelim 77th"]
[Site "Baku"]
[Date "2023.01.21"]
[Round "8"]
[White "Talibov, Shiroghlan"]
[Black "Bayramov, Elvin Shamil Oglu"]
[Result "0-1"]
[WhiteElo "2316"]
[BlackElo "2251"]
[PlyCount "128"]
[EventDate "2023.01.13"]
[EventType "swiss"]
[EventRounds "9"]
[EventCountry "AZE"]
[SourceTitle "CBM 212 Extra"]
[Source "ChessBase"]
[SourceDate "2023.03.31"]
[SourceVersion "1"]
[SourceVersionDate "2023.03.31"]
[SourceQuality "1"]

1. e4 e5 2. Nf3 Nc6 3. Bb5 a6 4. Ba4 Nf6 5. 0-0 Be7 6. Re1 b5 7. Bb3 0-0 8. c3 d6 9. d4 Bg4 10. Be3 Rb8 11. Nbd2 Bh5 12. h3 Qc8 13. g4 Bg6 14. Nh4 Na5 15. Bc2 Nc4 16. Nxg6 fxg6 17. Bb3 h5 18. Kg2 Kh8 19. Bxc4 bxc4 20. g5 Nh7 21. h4 exd4 22. cxd4 d5 23. exd5 Qd7 24. Rb1 Qxd5+ 25. f3 Bb4 26. Qe2 Rbe8 27. Qxc4 Qxc4 28. Nxc4 Bxe1 29. Rxe1 Re6 30. Rc1 Rb8 31. b3 Nf8 32. Ne5 Rc8 33. f4 Kg8 34. Kf3 Rd6 35. Nc4 Rdd8 36. Ne5 Rd6 37. Nc4 Rdd8 38. Ne5 Kh7 39. Ke4 Nd7 40. Rc6 Nb6 41. Nxg6 Rd6 42. Ne5 Rxc6 43. Nxc6 Re8+ 44. Ne5 g6 45. d5 Nc8 46. Bf2 Ne7 47. Nd7 Nf5+ 48. Kd3 Rd8 49. Nf6+ Kg7 50. Kc4 Kf7 51. b4 c6 52. dxc6 Rc8 53. a4 Rxc6+ 54. Kd3 Rd6+ 55. Kc4 Rd2 56. Ne4 Ra2 57. a5 Ke6 58. Nc5+ Kd6 59. Nd3 Rc2+ 60. Kb3 Re2 61. Kc3 Kc6 62. Kc4 Nd6+ 63. Kd4 Nb5+ 64. Kc4 Rc2+ 0-1

[Event "AZE-ch Prelim 77th"]
[Site "Baku"]
[Date "2023.01.18"]
[Round "6"]
[White "Shahaliyev, Ismayil Bahram"]
[Black "Bayramov, Elvin Shamil Oglu"]
[Result "1-0"]
[WhiteElo "2406"]
[BlackElo "2251"]
[PlyCount "79"]
[EventDate "2023.01.13"]
[EventType "swiss"]
[EventRounds "9"]
[EventCountry "AZE"]
[SourceTitle "CBM 212 Extra"]
[Source "ChessBase"]
[SourceDate "2023.03.31"]
[SourceVersion "1"]
[SourceVersionDate "2023.03.31"]
[SourceQuality "1"]

1. d4 Nf6 2. c4 e6 3. g3 d5 4. Nf3 c5 5. cxd5 exd5 6. Bg2 Nc6 7. 0-0 cxd4 8. Nxd4 Be7 9. Nc3 0-0 10. Be3 Ng4 11. Nxd5 Nxe3 12. Nxc6 bxc6 13. Nxe3 Ba6 14. Qc2 Bf6 15. Rad1 Qa5 16. b3 Rfd8 17. Bf3 Rac8 18. h4 g6 19. Kg2 Bd4 20. Nc4 Bxc4 21. Qxc4 Bb6 22. Qc2 h5 23. Rxd8+ Rxd8 24. Bxc6 Rd2 25. Qe4 Qxa2 26. Bd5 Kf8 27. Qf3 f5 28. Qc3 Qb2 29. Qb4+ Ke8 30. Qd6 Rxe2 31. Qxg6+ Ke7 32. Qxf5 Qf6 33. Qh7+ Kd6 34. Bf3 Rd2 35. Qxh5 Qd4 36. Kh3 Qf6 37. Rc1 Qe6+ 38. Bg4 Qf6 39. Qe8 Kd5 40. Bf3+ 1-0

[Event "AZE-ch Prelim 77th"]
[Site "Baku"]
[Date "2023.01.13"]
[Round "1"]
[White "Muradli, Mahammad"]
[Black "Bayramov, Elvin Shamil Oglu"]
[Result "1-0"]
[WhiteElo "2540"]
[BlackElo "2251"]
[PlyCount "171"]
[EventDate "2023.01.13"]
[EventType "swiss"]
[EventRounds "9"]
[EventCountry "AZE"]
[SourceTitle "CBM 212 Extra"]
[Source "ChessBase"]
[SourceDate "2023.03.31"]
[SourceVersion "1"]
[SourceVersionDate "2023.03.31"]
[SourceQuality "1"]

1. c4 e5 2. g3 Nf6 3. Bg2 c6 4. Nf3 e4 5. Nd4 d5 6. cxd5 Qxd5 7. Nc2 Qh5 8. h3 Bc5 9. b4 Bb6 10. Bb2 Nbd7 11. Nc3 Qg6 12. Ne3 0-0 13. Qc2 Re8 14. b5 Bd4 15. bxc6 bxc6 16. Rb1 Rb8 17. 0-0 Ne5 18. Ba3 Rxb1 19. Rxb1 Ba6 20. Rb4 Bxc3 21. dxc3 Nd5 22. Nxd5 cxd5 23. Bc1 Qc6 24. Be3 Bc4 25. Bxa7 Qa6 26. Bd4 Nc6 27. Rb2 Nxd4 28. cxd4 g6 29. e3 Ra8 30. h4 h5 31. Bh3 Kg7 32. Bd7 Ra7 33. Bh3 Ra8 34. Qc3 Qa4 35. Kh2 Qd1 36. a3 Qa4 37. Rb7 Qa6 38. Qb4 Qf6 39. Kg1 Be2 40. Rb8 Rxb8 41. Qxb8 Qc6 42. Qb2 Bd3 43. Qa1 Qa4 44. Qc1 Qc4 45. Qa1 Qa4 46. Bf1 Qc4 47. Bg2 Qa4 48. Bh3 Be2 49. Qc1 Bc4 50. Bg2 f5 51. Bf1 Bd3 52. Qa1 Qc4 53. Bg2 Qa4 54. f3 Qc2 55. fxe4 fxe4 56. Qe1 Be2 57. a4 Bf3 58. Bxf3 exf3 59. Qf2 Qd1+ 60. Qf1 Qxa4 61. Qxf3 Qa2 62. Qf2 Qb1+ 63. Kg2 Qd3 64. Qf4 Qc2+ 65. Kh3 Qd1 66. Kg2 Qc2+ 67. Qf2 Qb1 68. Qf3 Qc2+ 69. Kh3 Qc8+ 70. g4 hxg4+ 71. Qxg4 Qc1 72. Qg5 Kh7 73. Kg3 Qh1 74. Qe7+ Kh6 75. Qf8+ Kh7 76. Qf3 Qc1 77. Qf7+ Kh6 78. Qf8+ Kh7 79. Qe7+ Kh6 80. Kf4 Qh1 81. Ke5 Qf3 82. Kd6 Qh1 83. Qg5+ Kh7 84. Ke6 Qe4+ 85. Kf7 Qf3+ 86. Qf6 1-0

[Event "AZE-ch Prelim 76th"]
[Site "Nakhchivan"]
[Date "2022.02.10"]
[Round "6"]
[White "Bayramov, Elvin Shamil Oglu"]
[Black "Abbasov, Farid"]
[Result "1/2-1/2"]
[WhiteElo "2280"]
[BlackElo "2527"]
[PlyCount "83"]
[EventDate "2022.02.05"]
[EventType "swiss"]
[EventRounds "9"]
[EventCountry "AZE"]
[SourceTitle "CBM 206 Extra"]
[Source "ChessBase"]
[SourceDate "2022.03.31"]
[SourceVersion "1"]
[SourceVersionDate "2022.03.31"]
[SourceQuality "1"]

1. d4 e6 2. c4 f5 3. Nc3 Nf6 4. g3 d5 5. Bg2 c6 6. Nf3 Bd6 7. 0-0 0-0 8. c5 Bc7 9. Bf4 Bxf4 10. gxf4 Ne4 11. e3 Nxc3 12. bxc3 Nd7 13. Qa4 b5 14. cxb6 Nxb6 15. Qa5 Nc4 16. Qxd8 Rxd8 17. Rfb1 Ba6 18. Bf1 Rdb8 19. a4 Rb6 20. Bxc4 Bxc4 21. Ne5 Rab8 22. Rxb6 Rxb6 23. a5 Rb3 24. Nxc6 a6 25. Nd8 Rxc3 26. Nxe6 Kf7 27. Nc5 Bb5 28. Kg2 Rc2 29. Kg3 Ke7 30. h4 Rb2 31. h5 h6 32. Rg1 Kf7 33. Nb7 Bd7 34. Nc5 Bb5 35. Kh4 Rxf2 36. Rg6 Bf1 37. Nd7 Rh2+ 38. Kg3 Rg2+ 39. Kf3 Rxg6 40. Ne5+ Kf6 41. hxg6 Bb5 42. Kg3 1/2-1/2

[Event "AZE-ch Prelim 76th"]
[Site "Nakhchivan"]
[Date "2022.02.09"]
[Round "5"]
[White "Muradli, Mahammad"]
[Black "Bayramov, Elvin Shamil Oglu"]
[Result "1-0"]
[WhiteElo "2523"]
[BlackElo "2280"]
[PlyCount "77"]
[EventDate "2022.02.05"]
[EventType "swiss"]
[EventRounds "9"]
[EventCountry "AZE"]
[SourceTitle "CBM 206 Extra"]
[Source "ChessBase"]
[SourceDate "2022.03.31"]
[SourceVersion "1"]
[SourceVersionDate "2022.03.31"]
[SourceQuality "1"]

1. d4 d5 2. Nf3 Nf6 3. c4 e6 4. Nc3 c6 5. Bg5 Nbd7 6. e3 Be7 7. Qc2 h6 8. Bf4 Nh5 9. a3 Nxf4 10. exf4 dxc4 11. Bxc4 Nb6 12. Ba2 Nd5 13. g3 Nxc3 14. Qxc3 Bf6 15. 0-0 0-0 16. Rad1 Qd6 17. Qc2 g6 18. h4 h5 19. Ne5 Bg7 20. Rfe1 Bd7 21. Qb3 Bxe5 22. dxe5 Qc7 23. f5 Rad8 24. f6 Bc8 25. Qe3 Kh7 26. Bb1 Rxd1 27. Rxd1 Rd8 28. Re1 Qa5 29. b4 Qd5 30. Qg5 Qf3 31. Be4 Qg4 32. Qe3 Qh3 33. b5 cxb5 34. Qc5 Kg8 35. Qc1 Kh7 36. Qc7 Rf8 37. Qe7 Kg8 38. Rd1 Qg4 39. Qxf8+ 1-0

[Event "AZE-ch Prelim 76th"]
[Site "Nakhchivan"]
[Date "2022.02.06"]
[Round "2"]
[White "Mustafayev, Farid Farman Oglu"]
[Black "Bayramov, Elvin Shamil Oglu"]
[Result "0-1"]
[WhiteElo "2322"]
[BlackElo "2280"]
[PlyCount "100"]
[EventDate "2022.02.05"]
[EventType "swiss"]
[EventRounds "9"]
[EventCountry "AZE"]
[SourceTitle "CBM 206 Extra"]
[Source "ChessBase"]
[SourceDate "2022.03.31"]
[SourceVersion "1"]
[SourceVersionDate "2022.03.31"]
[SourceQuality "1"]

1. d4 d5 2. c4 c6 3. Nf3 Nf6 4. Nc3 e6 5. cxd5 exd5 6. Bg5 Bd6 7. e3 h6 8. Bh4 Qb6 9. Qc1 Bf5 10. Be2 Ne4 11. 0-0 g5 12. Bg3 Nxg3 13. hxg3 Nd7 14. Qd2 Be4 15. Rac1 Qd8 16. Ne5 Nxe5 17. dxe5 Bxe5 18. Nxe4 dxe4 19. Qb4 Qe7 20. Qxe4 Bg7 21. Qc2 h5 22. Qa4 Kf8 23. Rcd1 g4 24. Rd2 b5 25. Qa6 Rh6 26. Rfd1 Be5 27. Rd7 Qf6 28. Rxa7 Rxa7 29. Qxa7 Kg7 30. b3 h4 31. Bxg4 hxg3 32. f4 Rh4 33. Qd7 Bb8 34. Bh3 Qb2 35. Rf1 Qc3 36. Qe7 Rh6 37. Bf5 Rf6 38. Bb1 Bd6 39. Qe4 Bc5 40. Qh7+ Kf8 41. Bf5 Qxe3+ 42. Kh1 Qe2 43. Rb1 Bf2 44. Qh8+ Ke7 45. Qh4 Be1 46. Bd3 Qe3 47. Rd1 Bc3 48. a4 Qxf4 49. Qxf4 Rxf4 50. axb5 cxb5 0-1

[Event "Moscow Aeroflot op-B"]
[Site "Moscow"]
[Date "2020.02.22"]
[Round "4"]
[White "Sirosh, Ilja"]
[Black "Bayramov, Elvin Shamil Oglu"]
[Result "1-0"]
[WhiteElo "2390"]
[BlackElo "2337"]
[PlyCount "115"]
[EventDate "2020.02.19"]
[EventType "swiss"]
[EventRounds "9"]
[EventCountry "RUS"]
[SourceTitle "CBM 195"]
[Source "ChessBase"]
[SourceDate "2020.04.30"]
[SourceVersion "1"]
[SourceVersionDate "2020.04.30"]
[SourceQuality "1"]

1. d4 Nf6 2. c4 e6 3. g3 d5 4. Nf3 Bb4+ 5. Bd2 Be7 6. Bg2 0-0 7. 0-0 Nbd7 8. Qc2 Ne4 9. Be3 Ndf6 10. Ne5 c6 11. Rd1 Nd6 12. b3 Nf5 13. Bf4 Qb6 14. c5 Nxd4 15. Rxd4 Bxc5 16. Rd1 Bxf2+ 17. Kh1 Ne8 18. Nc3 f6 19. Na4 Qc7 20. Nd3 e5 21. Nxf2 exf4 22. gxf4 Qxf4 23. e4 Nc7 24. Qd2 Qh4 25. exd5 Nxd5 26. Bxd5+ cxd5 27. Qd4 Qh6 28. Qxd5+ Kh8 29. Nc5 Qh4 30. Rd2 Qf4 31. Rad1 Bf5 32. Ne6 Bxe6 33. Qxe6 Qf3+ 34. Kg1 Rae8 35. Qd5 Qe3 36. Qxb7 f5 37. Rd3 Qe2 38. Rg3 Re7 39. Rd7 Rxd7 40. Qxd7 Qe5 41. Rd3 h6 42. Qxa7 Rf6 43. Qa8+ Kh7 44. Kg2 Qe2 45. Rg3 Qe5 46. a4 Re6 47. Qf3 f4 48. Rg4 g5 49. h4 Qf6 50. Qd3+ Kg7 51. hxg5 hxg5 52. Ne4 Qb2+ 53. Kf3 Kh6 54. Qd5 Re5 55. Qd6+ Kh5 56. Nf6+ Kg6 57. Nd7+ Kh5 58. Rh4+ 1-0

[Event "Mersin op 4th"]
[Site "Mersin"]
[Date "2019.11.22"]
[Round "9"]
[White "Fedorov, Alexei"]
[Black "Bayramov, Elvin Shamil Oglu"]
[Result "1-0"]
[WhiteElo "2555"]
[BlackElo "2314"]
[PlyCount "58"]
[EventDate "2019.11.16"]
[EventType "swiss"]
[EventRounds "9"]
[EventCountry "TUR"]
[SourceTitle "CBM 193 Extra"]
[Source "ChessBase"]
[SourceDate "2020.01.31"]
[SourceVersion "1"]
[SourceVersionDate "2020.01.31"]
[SourceQuality "1"]

1. e4 c5 2. Nf3 Nc6 3. Nc3 Nf6 4. Bb5 g6 5. h3 Nd4 6. e5 Nxb5 7. Nxb5 Nd5 8. 0-0 Bg7 9. d4 Nc7 10. a4 cxd4 11. Qxd4 Nxb5 12. axb5 0-0 13. Qh4 Re8 14. Bh6 Qc7 15. Bxg7 Kxg7 16. Qd4 b6 17. Ra3 Kg8 18. Rc3 Qb8 19. Re1 a6 20. Qh4 Bb7 21. Ng5 h5 22. g4 Kg7 23. gxh5 Rh8 24. Qf4 Bd5 25. Rd1 Ba2 26. b3 Qe8 27. Rxd7 Rxh5 28. Rcc7 Rd8 29. Ne6+ Kh7 1-0

[Event "Mersin op 4th"]
[Site "Mersin"]
[Date "2019.11.17"]
[Round "3"]
[White "Jobava, Baadur"]
[Black "Bayramov, Elvin Shamil Oglu"]
[Result "1-0"]
[WhiteElo "2619"]
[BlackElo "2314"]
[PlyCount "117"]
[EventDate "2019.11.16"]
[EventType "swiss"]
[EventRounds "9"]
[EventCountry "TUR"]
[SourceTitle "CBM 193 Extra"]
[Source "ChessBase"]
[SourceDate "2020.01.31"]
[SourceVersion "1"]
[SourceVersionDate "2020.01.31"]
[SourceQuality "1"]

1. e4 c5 2. c3 Nf6 3. e5 Nd5 4. Nf3 Nc6 5. Bc4 Nb6 6. Bb3 d5 7. exd6 e6 8. d4 cxd4 9. cxd4 Qxd6 10. Nc3 Be7 11. 0-0 0-0 12. Ne4 Qd8 13. Re1 Nd5 14. Bc2 b6 15. a3 Bb7 16. Qd3 g6 17. Bh6 Re8 18. Ba4 Rc8 19. Rad1 a6 20. Ne5 b5 21. Bb3 Na5 22. Ba2 b4 23. Nc5 Bxc5 24. dxc5 Qh4 25. Bd2 b3 26. Bxb3 Rxc5 27. Ba2 Nf6 28. Qg3 Qxg3 29. hxg3 Nc6 30. Nd3 Rf5 31. f3 h5 32. Be3 a5 33. Bf2 Rb8 34. Nc5 Ba8 35. Rd2 Kg7 36. Rc1 g5 37. Na6 Rc8 38. Bb1 Rd5 39. Be1 Rcd8 40. Rxd5 Nxd5 41. Kf2 g4 42. Be4 f5 43. Nc7 Nxc7 44. Bxc6 Nd5 45. Bxa5 Rb8 46. Bxa8 Rxa8 47. Bc3+ Kf7 48. Be5 Ra5 49. f4 Ra4 50. Ra1 Rc4 51. a4 Rc2+ 52. Ke1 Rxg2 53. Ra3 h4 54. gxh4 Nb4 55. a5 Rh2 56. a6 g3 57. a7 Rh1+ 58. Ke2 g2 59. a8Q 1-0

[Event "AZE-ch 73rd"]
[Site "Baku"]
[Date "2018.01.24"]
[Round "9"]
[White "Bayramov, Elvin Shamil Oglu"]
[Black "Gadimbayli, Abdulla Azar"]
[Result "0-1"]
[WhiteElo "2180"]
[BlackElo "2415"]
[PlyCount "69"]
[EventDate "2018.01.15"]
[EventType "swiss"]
[EventRounds "9"]
[EventCountry "AZE"]
[SourceTitle "CBM 182 Extra"]
[Source "ChessBase"]
[SourceDate "2018.02.23"]
[SourceVersion "1"]
[SourceVersionDate "2018.02.23"]
[SourceQuality "1"]

1. Nf3 d5 2. g3 c6 3. Bg2 Bg4 4. 0-0 Nf6 5. d3 Nbd7 6. Nbd2 e5 7. e4 dxe4 8. dxe4 Bc5 9. h3 Bh5 10. Qe1 0-0 11. Nc4 Re8 12. b4 Bf8 13. Nh4 b5 14. Na5 c5 15. Nb7 Qc7 16. Nxc5 Nxc5 17. bxc5 Bxc5 18. c3 Rac8 19. Nf5 Bg6 20. a4 bxa4 21. Rxa4 Qd7 22. Qd1 Bxf5 23. exf5 Qxf5 24. Kh2 h5 25. Ba3 Bb6 26. c4 Bxf2 27. Qe2 Qd7 28. Ra6 Bb6 29. Rc1 h4 30. g4 Qd4 31. Kh1 e4 32. Bb2 Qd6 33. Bxf6 Qxf6 34. Qf1 Qe5 35. Qe1 0-1

[Event "AZE-ch 73rd"]
[Site "Baku"]
[Date "2018.01.22"]
[Round "7"]
[White "Bayramov, Elvin Shamil Oglu"]
[Black "Babazada, Khazar Araz"]
[Result "1-0"]
[WhiteElo "2180"]
[BlackElo "2166"]
[PlyCount "77"]
[EventDate "2018.01.15"]
[EventType "swiss"]
[EventRounds "9"]
[EventCountry "AZE"]
[SourceTitle "CBM 182 Extra"]
[Source "ChessBase"]
[SourceDate "2018.02.23"]
[SourceVersion "1"]
[SourceVersionDate "2018.02.23"]
[SourceQuality "1"]

1. Nf3 g6 2. g3 Bg7 3. Bg2 e5 4. 0-0 Ne7 5. c4 0-0 6. Nc3 c6 7. d4 exd4 8. Nxd4 d5 9. cxd5 Nxd5 10. Nxc6 bxc6 11. Nxd5 Ba6 12. Nf4 Qb6 13. Qc2 Bb7 14. Be3 Qa5 15. b4 Qc7 16. Rac1 Nd7 17. Rfd1 Rac8 18. Bxa7 Be5 19. Be3 Rfe8 20. b5 c5 21. Nd5 Qb8 22. Qb3 Kg7 23. a4 Qa8 24. Bf3 h5 25. Nb4 Nf6 26. Nc6 h4 27. Rxc5 hxg3 28. hxg3 Bc7 29. Bd4 Re6 30. Bg4 Rce8 31. Bxe6 Rxe6 32. Qc3 Qh8 33. Bxf6+ Rxf6 34. Rd7 Qc8 35. Rxc7 Qxc7 36. Na5 Qd7 37. Nxb7 Qd1+ 38. Kg2 Qxe2 39. Qe3 1-0

[Event "Baku op"]
[Site "Baku"]
[Date "2017.11.18"]
[Round "6"]
[White "Bayramov, Elvin Shamil Oglu"]
[Black "Mirzoev, Azer"]
[Result "1-0"]
[WhiteElo "2176"]
[BlackElo "2551"]
[PlyCount "119"]
[EventDate "2017.11.13"]
[EventType "swiss"]
[EventRounds "9"]
[EventCountry "AZE"]
[SourceTitle "CBM 181 Extra"]
[Source "ChessBase"]
[SourceDate "2017.12.12"]
[SourceVersion "1"]
[SourceVersionDate "2017.12.12"]
[SourceQuality "1"]

1. Nf3 d5 2. d4 Nf6 3. g3 Bf5 4. Bg2 e6 5. 0-0 Nbd7 6. Nbd2 h6 7. Re1 Be7 8. c4 c6 9. Qb3 Qb6 10. c5 Qc7 11. Nf1 0-0 12. Bf4 Qc8 13. Rac1 Bh7 14. N1d2 Re8 15. Qa3 a5 16. Qa4 Nh5 17. Be3 Qb8 18. Rc3 Bd8 19. Ne5 Nxe5 20. dxe5 Qxe5 21. g4 Bc7 22. gxh5 Qxh2+ 23. Kf1 e5 24. Rb3 d4 25. Rxb7 dxe3 26. Nf3 Qxh5 27. Rxc7 e4 28. Qxc6 exf2 29. Kxf2 exf3 30. Qxf3 Qh4+ 31. Qg3 Qf6+ 32. Kg1 Rac8 33. Rf1 Qxb2 34. Rfxf7 Rxc7 35. Rxc7 Qa1+ 36. Kh2 Kh8 37. Rb7 Bg8 38. Rb8 Re5 39. c6 Rh5+ 40. Bh3 Rg5 41. Rxg8+ Kxg8 42. c7 Rxg3 43. c8Q+ Kh7 44. Kxg3 Qg1+ 45. Bg2 Qe3+ 46. Bf3 Qe5+ 47. Kg2 h5 48. Qh3 g6 49. Qg3 Qe7 50. Qf4 Kg7 51. a4 Qc5 52. Qd2 Kf6 53. Qd8+ Kg7 54. Qd5 Qc3 55. Qg5 Qb4 56. Bxh5 Qe4+ 57. Kf2 Qd4+ 58. e3 Qxa4 59. Qxg6+ Kh8 60. Qe8+ 1-0

[Event "Cubuk op 3rd"]
[Site "Cubuk"]
[Date "2017.08.22"]
[Round "6"]
[White "Bayramov, Elvin Shamil Oglu"]
[Black "Chigladze, Iveri"]
[Result "0-1"]
[WhiteElo "2254"]
[BlackElo "2334"]
[PlyCount "130"]
[EventDate "2017.08.19"]
[EventType "swiss"]
[EventRounds "9"]
[EventCountry "TUR"]
[SourceTitle "CBM 180 Extra"]
[Source "ChessBase"]
[SourceDate "2017.10.06"]
[SourceVersion "1"]
[SourceVersionDate "2017.10.06"]
[SourceQuality "1"]

1. Nf3 Nf6 2. g3 d5 3. Bg2 c5 4. c4 d4 5. d3 Nc6 6. 0-0 e5 7. b4 cxb4 8. a3 bxa3 9. Bxa3 Bxa3 10. Nxa3 0-0 11. Nd2 Bf5 12. Qa4 Re8 13. Rfb1 Rb8 14. Bxc6 bxc6 15. Qxa7 Rxb1+ 16. Rxb1 e4 17. dxe4 Nxe4 18. Nxe4 Bxe4 19. Rd1 d3 20. exd3 Bf3 21. Rb1 h6 22. Nc2 Qxd3 23. Re1 Re4 24. Qa8+ Kh7 25. Qa5 Rxc4 26. Ne3 Rd4 27. Qa1 Re4 28. Qb1 Qxb1 29. Rxb1 g5 30. Rc1 Ra4 31. Nc4 f6 32. h3 h5 33. g4 h4 34. Ne3 Kg6 35. Nf5 Kf7 36. Re1 c5 37. Kf1 Ra3 38. Rc1 Ke6 39. Ne3 Kd7 40. Ke1 Kc6 41. Nc2 Ra4 42. Ne3 Kb5 43. Kd2 Be4 44. Nd1 Rd4+ 45. Ke3 Bg2 46. Nc3+ Kc6 47. Rg1 Bxh3 48. f3 Rb4 49. Ne4 Rb3+ 50. Ke2 Rb2+ 51. Nd2 Kd5 52. Kd3 Ra2 53. Ke3 c4 54. Ne4 Ra3+ 55. Ke2 Kd4 56. Rd1+ Rd3 57. Rg1 c3 58. Ra1 Re3+ 59. Kf2 Rxe4 60. Ra4+ Kd3 61. Rxe4 c2 62. Re3+ Kd2 63. Re2+ Kc3 64. Re3+ Kb2 65. Re2 Kb1 0-1

[Event "Cubuk op 3rd"]
[Site "Cubuk"]
[Date "2017.08.22"]
[Round "7"]
[White "Ozsakallioglu, Akin"]
[Black "Bayramov, Elvin Shamil Oglu"]
[Result "0-1"]
[WhiteElo "1849"]
[BlackElo "2254"]
[PlyCount "90"]
[EventDate "2017.08.19"]
[EventType "swiss"]
[EventRounds "9"]
[EventCountry "TUR"]
[SourceTitle "CBM 180 Extra"]
[Source "ChessBase"]
[SourceDate "2017.10.06"]
[SourceVersion "1"]
[SourceVersionDate "2017.10.06"]
[SourceQuality "1"]

1. e4 g6 2. d4 c5 3. Nf3 cxd4 4. Nxd4 Bg7 5. c4 Nc6 6. Be3 Nf6 7. Nc3 Ng4 8. Nxc6 Nxe3 9. Nxd8 Nxd1 10. Nxd1 Kxd8 11. Bd3 d6 12. Rc1 b6 13. 0-0 Be6 14. b4 a5 15. b5 Rc8 16. a4 Kd7 17. Ne3 Bh6 18. f4 Rc5 19. g4 f6 20. h4 Rhc8 21. Nd5 Rb8 22. Ne3 Bg8 23. Nd5 Bg7 24. f5 e6 25. fxe6+ Kxe6 26. Rc2 Ke5 27. Rcf2 Be6 28. Nxf6 Bxf6 29. Rxf6 Bxg4 30. Rf7 Kd4 31. R1f4 Bh5 32. Bf1 g5 33. hxg5 Rxg5+ 34. Kf2 Bxf7 35. Rxf7 Kxe4 36. Bg2+ Kd4 37. Bd5 h5 38. Rf4+ Kc5 39. Kf3 Kb4 40. Be6 Rc5 41. Bd5 Kxa4 42. Ke4 Kb4 43. Kd4 Rbc8 44. Kd3 Rxd5+ 45. cxd5+ Kxb5 0-1

[Event "Nakhchivan op"]
[Site "Nakhchivan"]
[Date "2017.05.09"]
[Round "7"]
[White "Bayramov, Elvin Shamil Oglu"]
[Black "Hasanzade, Toghrul Qasim Oglu"]
[Result "0-1"]
[WhiteElo "2256"]
[BlackElo "2358"]
[PlyCount "104"]
[EventDate "2017.05.03"]
[EventType "swiss"]
[EventRounds "9"]
[EventCountry "AZE"]
[SourceTitle "EXT 2018"]
[Source "ChessBase"]
[SourceDate "2017.10.13"]
[SourceVersion "1"]
[SourceVersionDate "2017.10.13"]
[SourceQuality "1"]

1. e4 e6 2. d4 d5 3. Nd2 Nf6 4. Bd3 c5 5. c3 Nc6 6. Ngf3 cxd4 7. cxd4 dxe4 8. Nxe4 Be7 9. 0-0 0-0 10. Bb1 Nb4 11. Nfg5 Nxe4 12. Nxe4 b6 13. a3 Nd5 14. Qh5 g6 15. Qh6 Bb7 16. Rd1 Re8 17. Ng5 Nf6 18. Bf4 Bf8 19. Qh3 Bg7 20. Be3 Qd6 21. Bc2 Rad8 22. Rac1 b5 23. Bd2 Qb6 24. Be3 Bd5 25. Bf4 Nh5 26. Bc7 Qb7 27. Bxd8 Rxd8 28. g4 Qe7 29. gxh5 Qxg5+ 30. Qg3 Qxh5 31. Bd3 Bh6 32. Ra1 f5 33. f4 Bb3 34. Rd2 Qg4 35. Be2 Qxf4 36. Qxf4 Bxf4 37. Rd3 Bc4 38. Rf3 Rxd4 39. Bxc4 bxc4 40. Re1 e5 41. Re2 Kf7 42. b3 g5 43. bxc4 Rxc4 44. Rb3 e4 45. Rb7+ Rc7 46. Reb2 Be3+ 47. Kf1 Rxb7 48. Rxb7+ Kg6 49. Ke2 Bb6 50. a4 f4 51. Re7 f3+ 52. Kd2 e3+ 0-1

[Event "Nakhchivan op"]
[Site "Nakhchivan"]
[Date "2017.05.04"]
[Round "2"]
[White "Rzayev, Bahruz Iqbal Oglu"]
[Black "Bayramov, Elvin Shamil Oglu"]
[Result "1-0"]
[WhiteElo "2391"]
[BlackElo "2256"]
[PlyCount "55"]
[EventDate "2017.05.03"]
[EventType "swiss"]
[EventRounds "9"]
[EventCountry "AZE"]
[SourceTitle "EXT 2018"]
[Source "ChessBase"]
[SourceDate "2017.10.13"]
[SourceVersion "1"]
[SourceVersionDate "2017.10.13"]
[SourceQuality "1"]

1. e4 c5 2. Nf3 Nc6 3. Bb5 g6 4. 0-0 Bg7 5. Re1 Nf6 6. e5 Nd5 7. Nc3 Nxc3 8. dxc3 0-0 9. a4 Qb6 10. Bg5 h6 11. Bf4 a6 12. Bc4 Na5 13. Ba2 e6 14. Qd2 Kh7 15. Rab1 Qc6 16. b4 cxb4 17. Rxb4 d5 18. Bxh6 Nc4 19. Ng5+ Kg8 20. Bxc4 Bxh6 21. Bd3 f6 22. exf6 Rxf6 23. Rh4 Bg7 24. Nh7 Rf7 25. Bxg6 Rc7 26. Qg5 Qd7 27. Nf6+ Bxf6 28. Qxf6 1-0

[Event "AZE-ch 72nd"]
[Site "Baku"]
[Date "2017.03.14"]
[Round "8"]
[White "Guliev, Logman"]
[Black "Bayramov, Elvin Shamil Oglu"]
[Result "1-0"]
[WhiteElo "2365"]
[BlackElo "2280"]
[PlyCount "101"]
[EventDate "2017.03.07"]
[EventType "swiss"]
[EventRounds "9"]
[EventCountry "AZE"]
[SourceTitle "CBM 177 Extra"]
[Source "ChessBase"]
[SourceDate "2017.04.27"]
[SourceVersion "1"]
[SourceVersionDate "2017.04.27"]
[SourceQuality "1"]

1. e4 c5 2. Nf3 Nc6 3. d4 cxd4 4. Nxd4 e5 5. Nb5 d6 6. c4 Nf6 7. N1c3 a6 8. Na3 Be7 9. Be2 0-0 10. Be3 Be6 11. 0-0 Ne8 12. Qd2 f5 13. exf5 Bxf5 14. Nd5 Nf6 15. Bb6 Qd7 16. Nxe7+ Nxe7 17. Rad1 Qc6 18. Qb4 Nc8 19. Be3 Bg4 20. f3 Be6 21. Bd3 Ne7 22. Bc2 Nc8 23. Rf2 Rf7 24. Rfd2 e4 25. fxe4 Nxe4 26. Rd4 Nf6 27. h3 Bxh3 28. gxh3 Qf3 29. Bf4 Nh5 30. Rf1 Qxh3 31. Qe1 Qg4+ 32. Kh2 Ne7 33. Rg1 Qxf4+ 34. Rxf4 Nxf4 35. Nb1 Nc6 36. Qh4 h5 37. Rf1 Raf8 38. Nd2 Ne5 39. Qe1 g6 40. Be4 Kg7 41. Kh1 h4 42. Bd5 Rf5 43. Be4 R5f7 44. Qe3 b5 45. c5 Nh5 46. Rxf7+ Rxf7 47. cxd6 Ng3+ 48. Kg2 Ng4 49. Qd4+ Nf6 50. Bd3 Ngh5 51. Nf3 1-0